| 000 | 006070000a22001810004500 | ||
|---|---|---|---|
| 003 | MACL | ||
| 005 | 20160407134510.0 | ||
| 008 | 160407b xxu||||| |||| 00| 0 eng d | ||
| 040 |
_aMACL _cMACL |
||
| 041 | _aHindi | ||
| 082 | _a403 | ||
| 100 |
_aडॉ मोहन तिवारी आनन्द _950982 |
||
| 245 | _aहिन्दी व्याकरण रचना और छन्द शास्त्र | ||
| 260 |
_aदिल्ली _bशंकर पब्लिकेशन्स _c2009 |
||
| 350 | _a450 | ||
| 650 |
_aLanguage _950983 |
||
| 942 |
_cHIN _k403 _2ddc |
||
| 999 |
_c46896 _d46896 |
||